Make it Stick:The science Of Successful Learning (Record no. 362363)

MARC details
000 -LEADER
fixed length control field 00384 a2200145 4500
005 - DATE AND TIME OF LATEST TRANSACTION
control field 20241226133138.0
008 - FIXED-LENGTH DATA ELEMENTS--GENERAL INFORMATION
fixed length control field 241226b |||||||| |||| 00| 0 eng d
020 ## - INTERNATIONAL STANDARD BOOK NUMBER
International Standard Book Number 9780674296039
082 ## - DEWEY DECIMAL CLASSIFICATION NUMBER
Classification number 720.6/BRO
100 ## - MAIN ENTRY--PERSONAL NAME
Author Brown P C
245 ## - TITLE STATEMENT
Title Make it Stick:The science Of Successful Learning
260 ## - PUBLICATION, DISTRIBUTION, ETC.
Name of publisher, distributor, etc. Belknap Harvard
Date of publication, distribution, etc. 2014
Place of publication, distribution, etc. London
300 ## - PHYSICAL DESCRIPTION
Extent 313p
Other physical details PB
942 ## - ADDED ENTRY ELEMENTS (KOHA)
Koha item type Books
Holdings
Withdrawn status Lost status Source of classification or shelving scheme Damaged status Not for loan Home library Current library Date acquired Vendor Net Price Full call number Barcode Date last seen Actual Price Bill Date Koha item type
    Dewey Decimal Classification     Dr. Bhanuben Nanavati College of Architecture Dr. Bhanuben Nanavati College of Architecture 26/12/2024 169 499.03 720.6/BRO BNCA-BK-12949 26/12/2024 599.00 23/12/2024 Books